| 000 -LEADER |
| fixed length control field |
01176nam a22001817a 4500 |
| 003 - CONTROL NUMBER IDENTIFIER |
| control field |
OSt |
| 005 - DATE AND TIME OF LATEST TRANSACTION |
| control field |
20231031144657.0 |
| 008 - FIXED-LENGTH DATA ELEMENTS--GENERAL INFORMATION |
| fixed length control field |
231031b ||||| |||| 00| 0 eng d |
| 020 ## - INTERNATIONAL STANDARD BOOK NUMBER |
| International Standard Book Number |
9781471890222 |
| 040 ## - CATALOGING SOURCE |
| Transcribing agency |
KH8 |
| 082 ## - DEWEY DECIMAL CLASSIFICATION NUMBER |
| Classification number |
400 BAR |
| 100 ## - MAIN ENTRY--PERSONAL NAME |
| Personal name |
Barefoot, Simon, |
| Relator term |
author. |
| 245 ## - TITLE STATEMENT |
| Title |
Cambridge IGCSE® Spanish : |
| Remainder of title |
Teacher's CD-ROM / |
| Statement of responsibility, etc. |
Simon Barefoot. |
| 260 ## - PUBLICATION, DISTRIBUTION, ETC. |
| Place of publication, distribution, etc. |
London ; |
| Name of publisher, distributor, etc. |
Hodder Education, |
| Date of publication, distribution, etc. |
2017. |
| 300 ## - PHYSICAL DESCRIPTION |
| Dimensions |
5.67 x 0.59 x 7.56 inches |
| 520 ## - SUMMARY, ETC. |
| Summary, etc. |
This Teacher's CD contains all the audio, activities, answers and teacher notes you need to make the most of the Student book, plus graded sample answers to prepare students for the exam. - Develop listening skills with 97 audio recordings and 97 audio transcripts - Support your teaching with 300 pages of teacher notes and all the answers to the Student Book exercises - Prepare students for Paper 4 with 87 pages of graded sample answers with examiner commentary - Revise vocabulary with 50 pages of editable vocabulary lists This content is also available online via our Dynamic Learning platform. Click 'Teaching and Learning Resources' in the Quick Links to the left to view this product. |
| 942 ## - ADDED ENTRY ELEMENTS (KOHA) |
| Source of classification or shelving scheme |
|
| Koha item type |
Teaching Resources |